[Event "Olympiad-40"]
[Site "Istanbul"]
[Date "2012.08.31"]
[Round "4.4"]
[White "Illingworth, Max"]
[Black "Ahmed, Haseeb"]
[Result "1-0"]
[WhiteElo "2360"]
[BlackElo "2296"]
[PlyCount "111"]
[EventDate "2012.08.28"]
[EventType "team-swiss"]
[EventRounds "11"]
[EventCountry "TUR"]
[SourceTitle "CBM 151"]
[Source "ChessBase"]
[SourceDate "2012.11.13"]
[SourceVersion "1"]
[SourceVersionDate "2012.11.13"]
[SourceQuality "1"]
[WhiteTeam "Australia"]
[BlackTeam "Pakistan"]
[WhiteTeamCountry "AUS"]
[BlackTeamCountry "PAK"]

1. e4 e5 2. Nf3 Nc6 3. Bc4 Bc5 4. b4 Bb6 5. a4 a6 6. c3 Nf6 7. d3 d6 8. 0-0 Bg4 9. h3 Bh5 10. Nbd2 0-0 11. Re1 d5 12. exd5 Nxd5 13. Ne4 Kh8 14. Bd2 f6 15. Ng3 Bf7 16. Bb3 Qd7 17. Bc2 Rad8 18. Nh4 a5 19. b5 Nce7 20. Qf3 Ng6 21. Nhf5 Ndf4 22. d4 Ne6 23. Be3 exd4 24. cxd4 Rfe8 25. Rad1 Nef8 26. Nxg7 Bd5 27. Qxf6 Qxg7 28. Bg5 Ne6 29. Nh5 Qxf6 30. Bxf6+ Kg8 31. Bxd8 Rxd8 32. Nf6+ Kf7 33. Nxd5 Rxd5 34. Bb3 Rd6 35. Rd3 Ngf4 36. Rf3 Kg7 37. Re4 Rxd4 38. Re1 Ng5 39. Rg3 Kh6 40. h4 Ne4 41. Rf3 Nd2 42. Rg3 Nxb3 43. Rxb3 Rd2 44. Rf1 Nd3 45. Kh2 Nxf2 46. Rg3 Bd4 47. Rg8 Ra2 48. Re1 Kh5 49. Re6 Rxa4 50. Kg3 Nh1+ 51. Kf3 Ra3+ 52. Kf4 Be3+ 53. Rxe3 Ra4+ 54. Kf5 Nf2 55. Rg5+ Kxh4 56. Rh3+ 1-0

[Event "WMSG Rapid Team 1st"]
[Site "Beijing"]
[Date "2008.10.15"]
[Round "3"]
[White "Abdulwahhab, Ahmed Abdulsattar"]
[Black "Ahmed, Haseeb"]
[Result "1-0"]
[WhiteElo "2246"]
[BlackElo "2253"]
[PlyCount "105"]
[EventDate "2008.10.14"]
[EventType "team (rapid)"]
[EventRounds "9"]
[EventCountry "CHN"]
[SourceTitle "CBM 126 Extra"]
[Source "ChessBase"]
[SourceDate "2008.11.05"]
[SourceVersion "1"]
[SourceVersionDate "2008.11.05"]
[SourceQuality "1"]

1. e4 c5 2. Nf3 Nc6 3. d4 cxd4 4. Nxd4 Nf6 5. Nc3 e5 6. Ndb5 d6 7. Bg5 a6 8. Na3 b5 9. Bxf6 gxf6 10. Nd5 f5 11. Bd3 Be6 12. 0-0 Bg7 13. Qh5 f4 14. c3 Ne7 15. Qg5 Rg8 16. Qxe7+ Qxe7 17. Nxe7 Kxe7 18. Nc2 Rab8 19. a4 bxa4 20. Nb4 Bd7 21. Bxa6 Kd8 22. Bc4 Bf8 23. Bxf7 Rg7 24. Bd5 Bh3 25. g3 Bxf1 26. Kxf1 fxg3 27. hxg3 Rb6 28. Rxa4 Rc7 29. Bb3 Bh6 30. Ra8+ Rc8 31. Ra7 Bc1 32. Ba4 Rcb8 33. Nc6+ Rxc6 34. Bxc6 Rxb2 35. Rxh7 Rc2 36. Rd7+ Kc8 37. Rxd6 Rxc3 38. Bd5 Rc5 39. Re6 Bb2 40. g4 Rc2 41. g5 Bd4 42. Rf6 Rc7 43. g6 Rg7 44. Bf7 Kd7 45. Ke2 Ke7 46. Re6+ Kd7 47. f3 Ba1 48. Kd3 Bb2 49. Kc4 Ba1 50. Kd5 Bb2 51. Ra6 Bc3 52. Ra7+ Kc8 53. Ke6 1-0

[Event "Olympiad-34"]
[Site "Istanbul"]
[Date "2000.11.01"]
[Round "5.4"]
[White "Ahmed, Haseeb"]
[Black "Gallegos, Carlos"]
[Result "0-1"]
[WhiteElo "2270"]
[BlackElo "2048"]
[PlyCount "62"]
[EventDate "2000.10.28"]
[EventType "team-swiss"]
[EventRounds "14"]
[EventCountry "TUR"]
[SourceTitle "EXT 2001"]
[Source "ChessBase"]
[SourceDate "2000.11.22"]
[SourceVersion "1"]
[SourceVersionDate "2000.11.22"]
[SourceQuality "1"]
[WhiteTeam "Pakistan"]
[BlackTeam "Venezuela"]
[WhiteTeamCountry "PAK"]
[BlackTeamCountry "VEN"]

1. d4 Nf6 2. c4 e6 3. Nf3 b6 4. g3 Ba6 5. b3 Bb4+ 6. Bd2 Be7 7. Bg2 0-0 8. 0-0 c6 9. Bc3 d5 10. Nbd2 Nbd7 11. a4 Rc8 12. a5 b5 13. c5 Ne4 14. Bb2 b4 15. Nxe4 dxe4 16. Ne1 f5 17. Nc2 Rb8 18. Qe1 Qc7 19. f3 Nf6 20. fxe4 fxe4 21. Bc1 e5 22. Rf5 exd4 23. Bf4 Qd7 24. Bh3 Rbd8 25. Rd1 Bxc5 26. Rxf6 Qxh3 27. Rxc6 Bxe2 28. Rxc5 Bxd1 29. Qxd1 d3 30. Nxb4 Rxf4 31. Rh5 Qg4 0-1

[Event "Abu Dhabi op 09th"]
[Site "Abu Dhabi"]
[Date "1999.08.27"]
[Round "6"]
[White "Saud, Mohamed"]
[Black "Ahmed, Haseeb"]
[Result "0-1"]
[WhiteElo "2185"]
[BlackElo "2270"]
[PlyCount "85"]
[EventDate "1999.08.21"]
[EventType "swiss"]
[EventRounds "9"]
[EventCountry "UAE"]
[SourceTitle "EXT 2000"]
[Source "ChessBase"]
[SourceDate "1999.11.16"]
[SourceVersion "1"]
[SourceVersionDate "1999.11.16"]
[SourceQuality "1"]

1. Nf3 d5 2. c4 c6 3. Qc2 Nf6 4. d4 dxc4 5. Qxc4 Bf5 6. Nc3 Nbd7 7. g3 e6 8. Bg2 Be7 9. 0-0 0-0 10. Nh4 Bc2 11. Nd1 Be4 12. f3 Nb6 13. Qb3 Bd5 14. Qc2 Bc4 15. Be3 Nfd5 16. Bf2 g5 17. Qe4 Nf6 18. Qc2 gxh4 19. gxh4 Nfd5 20. Qe4 Nd7 21. Re1 N7f6 22. Qc2 Ba6 23. e4 Nb4 24. Qd2 Nd3 25. Re3 Nxf2 26. Nxf2 Nh5 27. Nh3 Bxh4 28. f4 c5 29. d5 exd5 30. exd5 Qd6 31. Qd1 Nxf4 32. Re4 Nxg2 33. Kxg2 Bf6 34. Qf3 Rae8 35. Rae1 Rxe4 36. Rxe4 Bg7 37. Nf4 Qf6 38. Nh5 Qxf3+ 39. Kxf3 Bxb2 40. d6 Bb5 41. Re7 Bc6+ 42. Kf4 Rd8 43. d7 0-1

[Event "Abu Dhabi op 09th"]
[Site "Abu Dhabi"]
[Date "1999.08.23"]
[Round "3"]
[White "Khalid, Al Shaali"]
[Black "Ahmed, Haseeb"]
[Result "1/2-1/2"]
[WhiteElo "2211"]
[BlackElo "2270"]
[PlyCount "54"]
[EventDate "1999.08.21"]
[EventType "swiss"]
[EventRounds "9"]
[EventCountry "UAE"]
[SourceTitle "EXT 2000"]
[Source "ChessBase"]
[SourceDate "1999.11.16"]
[SourceVersion "1"]
[SourceVersionDate "1999.11.16"]
[SourceQuality "1"]

1. d4 d5 2. c4 e6 3. Nc3 Nf6 4. Bg5 Nbd7 5. cxd5 exd5 6. e3 c6 7. Bd3 Be7 8. Nf3 0-0 9. Qc2 Re8 10. 0-0 Nf8 11. Ne5 Ng4 12. Bxe7 Qxe7 13. Nxg4 Bxg4 14. a3 Bh5 15. b4 a6 16. Rfb1 Bg6 17. a4 Nd7 18. Bxg6 hxg6 19. b5 axb5 20. axb5 Rxa1 21. Rxa1 Nb6 22. Qb3 c5 23. dxc5 Qxc5 24. Na4 Nxa4 25. Qxa4 Rc8 26. g3 Qb6 27. Rd1 Rc5 1/2-1/2